Top 10 des langues avec le plus de locuteurs - Statistiques

Statistiques générales
  • Ce quiz a été pris 152 fois
  • Le résultat moyen est 7 sur 10
Statistiques - réponses
Nombre de locuteurs Langue % Correct
1458 M Anglais
100%
548.3 M Espagnol
99%
274.1 M Français
99%
1118 M Mandarin
93%
257.7 M Portugais
93%
431.1 M Arabe
88%
258.2 M Russe
84%
602.2 M Hindi
56%
272.7 M Bengali
16%
231.3 M Ourdou
15%
Aucun quiz correspondant
Distribution des résultats
% des personnes avec chaque résultat
Percentile par nombre de réponses
Votre historique - résultats
Vous n’avez pas pris ce quiz